MARC

LEADER 00000nam0a2200000 4500
001 185678
005 20231031173048.0
020 |a RU  |b 88-6420 
035 |a (RuTPU)RU\TPU\book\201436 
090 |a 185678 
100 |a 20101013d1987 k y0rusy5003 ca 
101 0 |a rus 
102 |a GE 
105 |a a z 000zy 
200 1 |a Контрастная иллюзия, установка и бессознательное  |f В. В. Григолава  |g Академия наук Грузинской ССР (АН ГрузССР), Институт психологии 
210 |a Тбилиси  |c Мецниереба  |d 1987 
215 |a 208 с. 
610 1 |a психология 
610 1 |a контрастная иллюзия 
610 1 |a установка 
610 1 |a бессознательное 
610 1 |a экспериментальный материал 
610 1 |a обработка 
610 1 |a установка 
610 1 |a иррелевантный раздражитель 
686 |a Ю935.11  |2 rubbk 
700 1 |a Григолава  |b В. В.  |g Владимир Владимирович  |4 070 
712 0 2 |a Академия наук Грузинской ССР (АН ГрузССР)  |b Институт психологии  |2 stltpush  |3 (RuTPU)RU\TPU\col\16769 
801 0 |a RU  |b RuMRKP  |c 19950417  |g psbo 
801 1 |a RU  |b 63413507  |c 20101013 
801 2 |a RU  |b 63413507  |c 20101223  |g RCR 
942 |c BK